[Event "Olympiad-43"]
[Site "Batumi"]
[Date "2018.10.04"]
[Round "10.1"]
[White "Alharari, Mohammed Alsouri"]
[Black "Guterres, Luis"]
[Result "1-0"]
[WhiteElo "2038"]
[BlackElo "1779"]
[PlyCount "81"]
[EventDate "2018.09.24"]
[EventType "team-swiss"]
[EventRounds "11"]
[EventCountry "GEO"]
[SourceTitle "CBM 187"]
[Source "ChessBase"]
[SourceDate "2018.12.11"]
[SourceVersion "1"]
[SourceVersionDate "2018.12.11"]
[SourceQuality "1"]
[WhiteTeam "Libya"]
[BlackTeam "Timor Leste"]
[WhiteTeamCountry "LBY"]

1. d4 d5 2. Nf3 Nf6 3. Bf4 e6 4. e3 Bd6 5. Ne5 Bd7 6. c3 Bxe5 7. dxe5 Ng8 8. Qg4 g6 9. Bd3 Nc6 10. Nd2 Nce7 11. 0-0 c6 12. e4 Qc7 13. Qf3 0-0-0 14. c4 Kb8 15. cxd5 cxd5 16. exd5 Nxd5 17. Rac1 Bc6 18. Bb5 a6 19. Bxc6 bxc6 20. Bg3 Nge7 21. Qxf7 Qd7 22. Qf3 Rhf8 23. Qe2 Nb4 24. Ne4 Qd3 25. Qxd3 Rxd3 26. a3 Nbd5 27. Nc5 Rd2 28. Nd7+ Kc7 29. Nxf8 Rxb2 30. Nxe6+ Kb6 31. Rb1 Rxb1 32. Rxb1+ Ka5 33. Nd4 c5 34. Nb3+ Kb5 35. Nd2+ Kc6 36. f3 a5 37. Bf2 Nf5 38. Rc1 Nfe3 39. Bxe3 Nxe3 40. Kf2 Nf5 41. Ne4 1-0

[Event "Olympiad-43"]
[Site "Batumi"]
[Date "2018.10.02"]
[Round "8.1"]
[White "Guterres, Luis"]
[Black "Murara, Maxence"]
[Result "0-1"]
[WhiteElo "1779"]
[BlackElo "1789"]
[PlyCount "78"]
[EventDate "2018.09.24"]
[EventType "team-swiss"]
[EventRounds "11"]
[EventCountry "GEO"]
[SourceTitle "CBM 187"]
[Source "ChessBase"]
[SourceDate "2018.12.11"]
[SourceVersion "1"]
[SourceVersionDate "2018.12.11"]
[SourceQuality "1"]
[WhiteTeam "Timor Leste"]
[BlackTeam "Rwanda"]
[BlackTeamCountry "RWA"]

1. e4 c5 2. Nf3 Nc6 3. c4 e5 4. Nc3 Nf6 5. d3 h6 6. h3 Be7 7. Be3 d6 8. Be2 Nd4 9. Qd2 Bd7 10. Bxd4 cxd4 11. Nd5 Nxd5 12. cxd5 Rc8 13. 0-0 0-0 14. Rac1 Qb6 15. Rxc8 Rxc8 16. Rc1 Rc5 17. Rxc5 Qxc5 18. g4 Bd8 19. a3 Qc8 20. Kg2 a6 21. Kg3 Be7 22. Qb4 b5 23. Nxe5 a5 24. Qxd4 dxe5 25. Qxe5 Bf6 26. Qf4 Qe8 27. Qd2 Qe5+ 28. f4 Qxb2 29. Qe3 Bd4 30. Qf3 Qxa3 31. e5 Qc3 32. Bf1 a4 33. Qe4 a3 34. e6 fxe6 35. dxe6 Bc6 36. Qe2 Qb2 37. Qe1 Qf2+ 38. Qxf2 Bxf2+ 39. Kxf2 a2 0-1